Statystyki dla Niemcy miasta - Quiz na mapie

Kliknij tutaj aby rozwiązać quiz!

Ogólne statystyki

  • Ten quiz został rozwiązany 5,758 razy
  • Średni wynik to 6 z 12

Statystyki odpowiedzi

Answer % poprawnych
Berlin
97%
Monachium
74%
Hamburg
65%
Drezno
59%
Rostock
46%
Stuttgart
44%
Düsseldorf
43%
Frankfurt
43%
Norymberga
41%
Saarbrücken
39%
Brema
38%
Hanower
38%

Rozkład punktacji

Percentyl według liczby udzielonych odpowiedzi

Procent ludzi z każdym wynikiem

Twoja historia wyników

Nie rozwiązałeś tego quizu